00395nam a2200109 4500008001300000082001800013110003500031245004100066260005400107300003400161650009000195707.1 P964px a707.1bP964px aUniversidad Torcuato di Tella  aProgramas del Departamento de Arte X aArgentinabUniversidad Tortucato Di Tella c2019  a43 p. bil (col)c22 x 17 cm  xarte contemporáneo xarte - educación xarte - programas artísticos xArgentina